000 01566cam a22002897a 4500
001 82284
003 BD-RjUL
005 20231114120652.0
008 231114s1940 ne 001 0 ger
035 _a(BD-RjUL)82284
040 _aDLC
_cDLC
_dDLC
_beng
041 _aper
082 _223
_a955
_bRAK 1940
100 0 _aRashīd al-Dīn Ṭabīb ;;, رشيد الدين طبيب،
_d1247?-1318.
_910039
245 1 0 _aکتاب تارىخ مبارک غازانى : داستان غازان خان / Kitāb-i tārīkh-i mubārak-i Ghāzānī : dāstān-i Ghāzān Khān /
_bGeschichte der Ilḫāne Abāġā bis Gaiḫātū (1265-1295) : Textausgabe /
_cmit Einleitung, Inhaltsangabe und Indices von Karl Jahn.Authors:تالىف رشىد الدىن فضل الله بن عماد الدوله ابو الخىر ؛ بسعى و اهتمام و تصحىح ... کارل ىان., رشيد الدين طبيب،, 1247?-1318, Karl Jahn / taʼlīf-i Rashīd al-Dīn Faz̤l Allāh ibn ʻImād al-Dawlah Abū al-Khayr ; bisaʻy va ihtimām va taṣḥīḥ-i ... Kārl Yān., Rashīd al-Dīn Ṭabīb
246 1 5 _aKitāb-i tārīkh-i mubārak-i Ghāzānī
246 1 5 _aTārīkh-i mubārak-i Ghāzānī
260 _aLondon :
_bGibb memorial,,
_c1940.
300 _a387+xlip p. ;
_c25 cm.
500 _aIncludes indexes.
650 0 _aMongols
_zIran
_xHistory.
_910040
651 0 _aIran
_xHistory
_y640-
_910041
700 1 _aJahn, Karl,
_d1906-1985.
_910042
942 _2ddc
_cBK
999 _c82284
_d82284